[Event "ESP-ch Seniors 27th"]
[Site "Santa Susanna"]
[Date "2011.05.18"]
[Round "6"]
[White "Anguera Maestro, Jaime"]
[Black "Duch Mansion, Josep M"]
[Result "1-0"]
[WhiteElo "2148"]
[BlackElo "1946"]
[PlyCount "65"]
[EventDate "2011.05.13"]
[EventType "swiss"]
[EventRounds "9"]
[EventCountry "ESP"]
[SourceTitle "CBM 142 Extra"]
[Source "ChessBase"]
[SourceDate "2011.06.27"]
[SourceVersion "1"]
[SourceVersionDate "2011.06.27"]
[SourceQuality "1"]

1. d4 d5 2. Nf3 Nf6 3. Bf4 Bf5 4. e3 e6 5. Be2 Bd6 6. Ne5 Bxe5 7. Bxe5 Nbd7 8. Bf4 0-0 9. g4 Bg6 10. h4 h6 11. h5 Bh7 12. g5 Ne4 13. gxh6 g5 14. hxg6 fxg6 15. f3 Nef6 16. Bg5 Qe8 17. f4 Ne4 18. Rg1 Nxg5 19. Rxg5 Rf5 20. Nd2 Qf8 21. Bg4 Rf6 22. Qe2 Qxh6 23. 0-0-0 Kf8 24. Nf3 Ke7 25. Ne5 Nxe5 26. fxe5 Rf7 27. Qb5 Rff8 28. Qc5+ Kf7 29. Qxc7+ Kg8 30. Bxe6+ Kh8 31. Qc3 Bg8 32. Bd7 Bf7 33. e6 1-0

[Event "Terrassa op-B"]
[Site "Terrassa"]
[Date "1996.??.??"]
[Round "7"]
[White "Duch Mansion, Josep M"]
[Black "Lopez Roca, Xavier"]
[Result "0-1"]
[WhiteElo "2025"]
[BlackElo "1900"]
[PlyCount "60"]
[EventDate "1996.07.??"]
[EventType "swiss"]
[EventRounds "9"]
[EventCountry "ESP"]
[SourceTitle "EXT 2002"]
[Source "ChessBase"]
[SourceDate "2001.11.25"]
[SourceVersion "1"]
[SourceVersionDate "2001.11.25"]
[SourceQuality "1"]

1. d4 d5 2. Nf3 Nf6 3. c4 e6 4. Bg5 Be7 5. e3 0-0 6. Nc3 b6 7. cxd5 exd5 8. Ne5 Bb7 9. Bd3 Nbd7 10. Nxd7 Qxd7 11. 0-0 Rfe8 12. Rc1 Ne4 13. Bf4 Nd6 14. Qf3 c6 15. Be5 Bf8 16. e4 dxe4 17. Nxe4 Nxe4 18. Bxe4 f6 19. Bg3 Qxd4 20. Qb3+ Kh8 21. Bxc6 Bxc6 22. Rxc6 Re2 23. Rc2 Rae8 24. h3 Rxc2 25. Qxc2 Rd8 26. Qc7 a5 27. b3 Bc5 28. Re1 h6 29. Qc6 Qd3 30. Qe6 Qxg3 0-1

[Event "Terrassa op-B"]
[Site "Terrassa"]
[Date "1996.??.??"]
[Round "5"]
[White "Duch Mansion, Josep M"]
[Black "Sobrepera Ribera, A."]
[Result "1-0"]
[WhiteElo "2025"]
[BlackElo "1925"]
[PlyCount "89"]
[EventDate "1996.07.??"]
[EventType "swiss"]
[EventRounds "9"]
[EventCountry "ESP"]
[SourceTitle "EXT 2002"]
[Source "ChessBase"]
[SourceDate "2001.11.25"]
[SourceVersion "1"]
[SourceVersionDate "2001.11.25"]
[SourceQuality "1"]

1. d4 d5 2. Nf3 Nf6 3. c4 c6 4. e3 e6 5. Nc3 Nbd7 6. Bd3 Be7 7. 0-0 0-0 8. b3 a6 9. Qc2 b5 10. Ne5 Qc7 11. Nxd7 Qxd7 12. Bb2 bxc4 13. bxc4 a5 14. cxd5 cxd5 15. e4 dxe4 16. Nxe4 h6 17. Rad1 Nd5 18. Nc5 Qc7 19. Be4 Rd8 20. Rc1 Qa7 21. Qe2 Bxc5 22. dxc5 Ba6 23. Bd3 Bxd3 24. Qxd3 Qb7 25. Qd4 Nf6 26. Qc3 Rab8 27. c6 Qc7 28. Rfe1 Rbc8 29. h3 Rd6 30. Qg3 Nh5 31. Qg4 Rd5 32. Rc2 Qb6 33. Rec1 Rf5 34. Bd4 Qa6 35. Qe4 Nf6 36. Bxf6 Rxf6 37. c7 e5 38. Qxe5 Re6 39. Qd5 Qb6 40. Qd7 Ree8 41. Re2 Rf8 42. Re7 Kh7 43. Qf5+ Kg8 44. Rxf7 Rxf7 45. Qxc8+ 1-0